000 00313nam a2200121Ia 4500
008 190216s9999||||xx |||||||||||||| ||und||
100 _aPrasanna Chandra
245 0 _aFunadamentals Of Finanacial Management
260 _bTata Mcgrawhill Publishers
_c1993
300 _a30.13p[
650 _aCommerce
942 _cBK
999 _c6217
_d6217